000 00291nam a2200109Ia 4500
008 201231s9999 xx 000 0 und d
100 _aHarver Business Review
245 0 _aCoping with the Difficult Employee
260 _aBoston
_bHarvard Business School Press
300 _a173
942 _cBK
999 _c10088
_d10088